| 000 | 00414 a2200157 4500 | ||
|---|---|---|---|
| 001 | 86095 | ||
| 020 | _a9780071325813 | ||
| 082 | _a621.31042 CHA | ||
| 090 |
_c40428 _d40428 |
||
| 100 | _aStephen J Chapman | ||
| 245 |
_aElectric machinery fundamentals,5th Ed _cChapman Stephen J |
||
| 250 | _a5th | ||
| 260 |
_aSingapore _bMcGraw-Hill _c2012 |
||
| 300 | _axxiv 680p. | ||
| 500 | _aBE Textbook Avionics | ||
| 942 |
_aNUST-CAE _k621.31042 CHA _cAV |
||
| 999 |
_c321168 _d321168 |
||